Product management (Record no. 3458)
[ view plain ]
| 000 -LEADER | |
|---|---|
| fixed length control field | nam a22 a 4500 |
| 005 - DATE AND TIME OF LATEST TRANSACTION | |
| control field | 20170523090656.0 |
| 008 - FIXED-LENGTH DATA ELEMENTS--GENERAL INFORMATION | |
| fixed length control field | 170523b1997 enk||||| |||| 00| 0 eng d |
| 020 ## - INTERNATIONAL STANDARD BOOK NUMBER | |
| International Standard Book Number | 0256214395 (U.S.) |
| 040 ## - CATALOGING SOURCE | |
| Original cataloging agency | AKMAL |
| 082 04 - DEWEY DECIMAL CLASSIFICATION NUMBER | |
| Classification number | 658.56 LEH |
| 090 ## - LOCALLY ASSIGNED LC-TYPE CALL NUMBER (OCLC); LOCAL CALL NUMBER (RLIN) | |
| Classification number (OCLC) (R) ; Classification number, CALL (RLIN) (NR) | 658.56 |
| Local cutter number (OCLC) ; Book number/undivided call number, CALL (RLIN) | LEH |
| 100 10 - MAIN ENTRY--PERSONAL NAME | |
| Personal name | Lehmann, Donald R. |
| 9 (RLIN) | 6950 |
| 245 10 - TITLE STATEMENT | |
| Title | Product management |
| Remainder of title | Donald R. Lehmann, Russell S. Winer. |
| 250 ## - EDITION STATEMENT | |
| Edition statement | 2nd ed. |
| 260 ## - PUBLICATION, DISTRIBUTION, ETC. | |
| Place of publication, distribution, etc. | New York ; |
| 260 ## - PUBLICATION, DISTRIBUTION, ETC. | |
| Place of publication, distribution, etc. | London : |
| Name of publisher, distributor, etc. | Irwin/McGraw-Hill, |
| Date of publication, distribution, etc. | c1997. |
| 300 ## - PHYSICAL DESCRIPTION | |
| Extent | xix, 460 p. : |
| Other physical details | ill. ; |
| Dimensions | 24cm |
| 490 0# - SERIES STATEMENT | |
| Series statement | McGraw-Hill international editions. Marketing & advertising series |
| 500 ## - GENERAL NOTE | |
| General note | Previous ed.: 1994. |
| 504 ## - BIBLIOGRAPHY, ETC. NOTE | |
| Bibliography, etc. note | Includes bibliographical references and indexes. |
| 599 ## - LOCAL NOTE | |
| Local Note | DALAM PROSES |
| 650 #0 - SUBJECT ADDED ENTRY--TOPICAL TERM | |
| Topical term or geographic name entry element | Product management. |
| 9 (RLIN) | 6951 |
| 700 1# - ADDED ENTRY--PERSONAL NAME | |
| Personal name | Winer, Russell S. |
| 9 (RLIN) | 6952 |
| 852 41 - LOCATION | |
| Location | British Library |
| Sublocation or collection | DSC |
| 942 ## - ADDED ENTRY ELEMENTS (KOHA) | |
| Source of classification or shelving scheme | |
| Koha item type | Book |
No items available.
